1674 1516 1572 1194 1517 1739 1669 1299 1122 1330 1069 1782 1982 1027 1254 1331 1575 1178 1099 1842 1245 1563 1585 1751 1050 1890 1506 1046 1935 1827 1807 1116 1005 1528 1668 1722 1951 1827 1147 1242 1658 1318 1802 1652 1438 1926 1637 1626 1337 1748 1523 1917 1755 1008 1320 1101 1382 1141 1785 1921 1271 1467 1888 1551 1246 1229 1769 1242 1890 1426 1502 1187 1948 1067 1121 1955 1834 1301 1515 1947 1150 1530 1323 1442 1023 1422 1396 1408 1937 1075 1464 1450 1453 1019 1603 1729 1143 1672 1030 BCNSPRNW ULIB Ver.6.0+V

เปลี่ยนเป็นภาษาไทย

Change to English
 แสดงรายละเอียดบรรณานุกรม
  กลับหน้าหลัก

Brief Record : Get Marc (ISO 2709) : E-mail record : QR code < ปิดหน้าต่าง
LEADER : 00000nam 2200000uu 4500
001    13399111706
003     ULIB
008    110628s2553||||th 000 0 tha d
020    9789742357771
050  4 BQ5805.T5^bค167ส 2553
100 0  ไวทย์ สันตยารมณ์
245 10 สัมมาวดี:ผู้มีธรรมเป็นที่พึ่ง/^cไวทย์ สันตยารมณ์
250    พิมพ์ครั้งที่ 1
260    สงขลา :^bบ้านครูไวทย์,^c 2553
300    233 หน้า
440  0 นิยายอิงธรรม
650  7 นิยายอิงธรรม
945    ^p150^l0^i026650
945    ^p150^l0^i026648
945    ^p150^l0^i026647
945    ^p150^l0^i026649
995    ทศพร
999 ^a ใช้งานได้ทุกระบบ
รายการนี้ยังไม่มีแท็ก
คุณยังไม่ได้ล็อกอิน คุณสามารถมีกิจกรรมร่วมกับเว็บไซต์ได้ แต่ต้องล็อกอินก่อน ::
  ล็อกอิน

รายการสื่อสารสนเทศ

ลำดับที่ ประเภท เลขเรียก/บาร์โค้ด สถานที่ สถานะ
- ไม่พบข้อมูล -

รายการใกล้เคียง
    ผู้แต่ง [ไวทย์ สันตยารมณ์]

    หัวเรื่อง [นิยายอิงธรรม]

BibComment


ยังไม่เคยถูกคอมเมนท์

คอมเมนท์ทรัพยากรรายการนี้
  คอมเมนท์: สัมมาวดีผู้มีธรรม..


 Copyright 2026. Bcnsprnw @Library